000
00291nam a22001337a 4500
008
170201b xxu||||| |||| 00| 0 eng d
020
_a
9780781753401
041
_a
eng
080
_2
5TH
_a
618.2
100
_a
2
101
_a
INF
245
_a
HEALTH ASSESSMENT
_c
WEBER, J.A
942
_2
udc
_c
BK
999
_c
4207
_d
4207